000
00241nam a2200097Ia 4500
001
650497
005
20250826154400.0
008
250824s9999 xx 000 0 und d
245
0
_a
Alexander Graham Bell
_c
Bonnie Bader
260
_b
BEYAZ BALİNA
999
_c
650497
_d
650497